000 01200nam a2200325Ia 4500
001 ebr10255058
003 CaPaEBR
006 m u
007 cr cn|||||||||
008 080520s2008 maua s 001 0 eng d
010 _z 2008929222
020 _z1598635182 (alk. paper)
020 _z9781598635188
040 _aCaPaEBR
_cCaPaEBR
035 _a(OCoLC)503445761
050 1 4 _aQA76.76.C672
_bS438 2008eb
100 1 _aSethi, Maneesh.
245 1 0 _aGame programming for teens
_h[electronic resource] /
_cManeesh Sethi.
250 _a3rd ed.
260 _aBoston, MA :
_bCourse Technology, PTR/CRM,
_c2008.
300 _axiii, 395p. :
_bill.
500 _aIncludes index.
533 _aElectronic reproduction.
_bPalo Alto, Calif. :
_cebrary,
_d2009.
_nAvailable via World Wide Web.
_nAccess may be limited to ebrary affiliated libraries.
650 0 _aComputer games
_xProgramming.
650 0 _aComputer programming.
650 0 _aTeenagers
_xComputer network resources.
655 7 _aElectronic books.
_2local
710 2 _aebrary, Inc.
856 4 0 _uhttp://site.ebrary.com/lib/rucke/Doc?id=10255058
_zAn electronic book accessible through the World Wide Web; click to view
999 _c14767
_d14767